书目信息 |
| 题名: |
王宁室内乐作品选
|
|
| 作者: | 王宁 著 | |
| 分册: | ||
| 出版信息: | 北京 人民音乐出版社 2014.06 |
|
| 页数: | 95页 | |
| 开本: | 32cm | |
| 丛书名: | 中国音乐学院科研与教学系列丛书 | |
| 单 册: | ||
| 中图分类: | J647.69 | |
| 科图分类: | ||
| 主题词: | 室内乐--作品集--中国--现代 , 室内乐 | |
| 电子资源: | ||
| ISBN: | 978-7-103-04820-7 | |
| 000 | 01083oam2 2200301 450 | |
| 001 | 0120141409663 | |
| 005 | 20201019165022.19 | |
| 010 | @a978-7-103-04820-7@dCNY52.00(含光盘) | |
| 100 | @a20141124d2014 em y0chiy0110 ea | |
| 101 | 0 | @achi@aeng |
| 102 | @aCN@b110000 | |
| 105 | @ag z 000yy | |
| 106 | @ar | |
| 200 | 1 | @a王宁室内乐作品选@9wang ning shi nei yue zuo pin xuan@e异化 |
| 210 | @a北京@c人民音乐出版社@d2014.06 | |
| 215 | @a95页@d32cm@e1光盘 | |
| 225 | 2 | @a中国音乐学院科研与教学系列丛书 |
| 307 | @a附光盘:ISBN 978-7-88824-773-5 ISRC CN-M26-14-00256 CN-M26-14-00257 CN-M26-14-00258 CN-M26-14-00259 | |
| 330 | @a本书收集了王宁四部重要的、具代表性的室内乐作品。包括:《异化—人类与它们自己·世纪末的祷歌—献给1999》、《天香引》、《静·com》、《潮歌》。 | |
| 333 | @a音乐爱好者 | |
| 461 | 0 | @12001 @a中国音乐学院科研与教学系列丛书 |
| 517 | 1 | @a异化@9yi hua |
| 606 | 0 | @a室内乐@x作品集@y中国@z现代 |
| 606 | 0 | @a室内乐 |
| 690 | @aJ647.69@v5 | |
| 701 | 0 | @a王宁@9wang ning@4著 |
| 801 | 0 | @aCN@b人天书店@c20141124 |
| 905 | @b1295104-07@dJ647.69@e243@f4 | |
| 王宁室内乐作品选:异化.-北京:人民音乐出版社,2014.06 |
| 95页;32cm+1光盘.-(中国音乐学院科研与教学系列丛书) |
| 使用对象:音乐爱好者 |
| ISBN 978-7-103-04820-7:CNY52.00(含光盘) |
| 本书收集了王宁四部重要的、具代表性的室内乐作品。包括:《异化—人类与它们自己·世纪末的祷歌—献给1999》、《天香引》、《静·com》、《潮歌》。 |
| ● |
| 相关链接 |
|
|
|
|
正题名:王宁室内乐作品选
索取号:J647.69/243
 
预约/预借
| 序号 | 登录号 | 条形码 | 馆藏地/架位号 | 状态 | 备注 |
| 1 | 1295104 | 212951046 | 第一样本阅览室/ [索取号:J647.69/243] | 在馆 | |
| 2 | 1295105 | 212951055 | 第一借阅区/ [索取号:J647.69/243] | 在馆 | |
| 3 | 1295106 | 212951064 | 第一借阅区/ [索取号:J647.69/243] | 在馆 | |
| 4 | 1295107 | 212951073 | 第一借阅区/ [索取号:J647.69/243] | 在馆 |